• 首页
  • 本馆介绍
  • 公告通知
  • 最新文献
  • 馆藏检索
  • 电子资源
  • 读者导购
  • 参考咨询
  • 我的图书馆
  • 登录
  • 详细信息显示
  • 放入我的书架
  • 预约/预借图书
  • 作者相关作品
  • 分类相关作品
  • 丛书相关作品
  • 出版社相关作品

书目信息

  • 表格格式
  • 工作单格式
  • 卡片格式
题名:
化工维修焊工
    
 
作者: 陈保国 主编
分册:  
出版信息: 北京   化学工业出版社  2008
页数: 289页
开本: 24cm
丛书名:
单 册:
中图分类: TG4
科图分类:
主题词: 焊接--职业教育--教材 , 焊接
电子资源:
ISBN: 978-7-122-01400-9
000 00965nam0 2200253 45
001 1029959515
005 20100429093823.75
010    @a978-7-122-01400-9@dCNY33.00
100    @a20100420d2008 em y0chiy0110 ea
101 0  @achi
102    @aCN@b110000
105    @aa z 000yy
106    @ar
200 1  @a化工维修焊工@AHua Gong Wei Xiu Han Gong@e高级、技师@EGao Ji、 Ji Shi@f陈保国主编@FChen Bao Guo Zhu Bian
210    @a北京@c化学工业出版社@d2008
215    @a289页@c图@d24cm
300    @a职业技能鉴定培训教程
330    @a本书依据《国家职业标准 焊工》中工作要求的内容,结合化工行业焊工的实际工作需要,分等级介绍了高级焊工和焊工技师必备的理论知识,同时按照标准中对操作技能的考核要求,介绍了焊条电弧焊、手工钨极氩弧焊、气焊、埋弧自动焊、二气化碳气体保护焊的焊接方法。
606 0  @a焊接@x职业教育@j教材
606 0  @a焊接
690    @aTG4@v4
701  0 @a陈保国@AChen Bao Guo@4主编
801  0 @aCN@bTANGWEI@c20100429
905    @b0594881-85@dTG4@e24@f5
    
    化工维修焊工:高级、技师/陈保国主编.-北京:化学工业出版社,2008
    289页:图;24cm
    职业技能鉴定培训教程
    
    ISBN 978-7-122-01400-9:CNY33.00
    本书依据《国家职业标准 焊工》中工作要求的内容,结合化工行业焊工的实际工作需要,分等级介绍了高级焊工和焊工技师必备的理论知识,同时按照标准中对操作技能的考核要求,介绍了焊条电弧焊、手工钨极氩弧焊、气焊、埋弧自动焊、二气化碳气体保护焊的焊接方法。
●
相关链接 在E读中查询图书 在五车中查询图书 在当当中查询图书 在豆瓣中查询图书


正题名:化工维修焊工     索取号:TG4/24         预约/预借

序号 登录号 条形码 馆藏地/架位号 状态 备注
1 0594881   205948812   第二样本阅览室/ [索取号:TG4/24] 在馆    
2 0594882   205948821   第三借阅区/ [索取号:TG4/24] 在馆    
3 0594883   205948830   第三借阅区/ [索取号:TG4/24] 在馆    
4 0594884   205948849   第三借阅区/ [索取号:TG4/24] 在馆    
5 0594885   205948858   第三借阅区/ [索取号:TG4/24] 在馆    
唐山师范学院图书馆 欢迎您!
大连网信软件有限公司© 版权所有